000 00656cam a22002054a 4500
020 _a9780231136488
020 _a023113648X
020 _a9780231510004
020 _a0231510004
050 0 0 _aS494.A43
_bM36
100 _aJavrvis D.I
245 0 0 _aManaging biodiversity in agricultural ecosystems /
_cedited by D.I. Jarvis, C. Padoch, and H.D. Cooper.
260 _aNew York
_bColumbia University Press
_bBioversity International,
_c2007.
300 _axviii, 492 p.
700 1 _aJarvis, Devra I.
700 1 _aPadoch, Christine.
700 1 _aCooper, H. D.
856 4 1 _uhttp://www.loc.gov/catdir/toc/ecip072/2006031672.html
942 _cGEN
999 _c1296
_d1296